Foundations of accounting simplified. (Record no. 623)
[ view plain ]
| 000 -LEADER | |
|---|---|
| fixed length control field | 01119cam a22002892 4500 |
| 001 - CONTROL NUMBER | |
| control field | 0000006105 |
| 005 - DATE AND TIME OF LATEST TRANSACTION | |
| control field | 20151021151108.0 |
| 008 - FIXED-LENGTH DATA ELEMENTS--GENERAL INFORMATION | |
| fixed length control field | 070914s xx 000 0 eng d |
| 020 ## - INTERNATIONAL STANDARD BOOK NUMBER | |
| International Standard Book Number | 9966281673 : |
| Terms of availability | KES 550 |
| 040 ## - CATALOGING SOURCE | |
| Original cataloging agency | KABU |
| Transcribing agency | KABU |
| 100 1# - MAIN ENTRY--PERSONAL NAME | |
| Personal name | Saleemi, Nisar Ahmad. |
| -- | 0000151299 |
| 245 10 - TITLE STATEMENT | |
| Title | Foundations of accounting simplified. |
| 250 ## - EDITION STATEMENT | |
| Edition statement | 2nd ed. |
| 260 ## - PUBLICATION, DISTRIBUTION, ETC. (IMPRINT) | |
| Place of publication, distribution, etc. | Nairobi : |
| Name of publisher, distributor, etc. | N. A. Saleemi, |
| Date of publication, distribution, etc. | 2000. |
| 300 ## - PHYSICAL DESCRIPTION | |
| Extent | 324 p. |
| 650 #0 - SUBJECT ADDED ENTRY--TOPICAL TERM | |
| Topical term or geographic name as entry element | Accouting. |
| -- | 0000160062 |
| 852 1# - LOCATION | |
| -- | p600 KES |
| 852 1# - LOCATION | |
| -- | p600 KES |
| 908 ## - PUT COMMAND PARAMETER (RLIN) | |
| Put command parameter | 070914 |
| 950 ## - LOCAL HOLDINGS (RLIN) | |
| -- | 1 |
| Withdrawn status | Lost status | Source of classification or shelving scheme | Not for loan | Home library | Current library | Date acquired | Total Checkouts | Full call number | Barcode | Date last seen | Price effective from | Koha item type | Damaged status | Total Renewals | Date last checked out | Copy number |
|---|---|---|---|---|---|---|---|---|---|---|---|---|---|---|---|---|
| Library of Congress Classification | Kabarak, Nakuru City Campus | Kabarak, Main Campus | 21/10/2015 | 23 | HF5635 .S252 2000 c. 7 | 015639 | 25/07/2025 | 21/10/2015 | General Collection | 1 | 18/07/2025 | |||||
| Library of Congress Classification | Kabarak, Main Campus | Kabarak, Main Campus | 17/12/2015 | 28 | HF5635 .S252 2014 c. 2 | 027818 | 13/02/2026 | 17/12/2015 | General Collection | 2 | 03/02/2026 | C.2 | ||||
| Library of Congress Classification | Kabarak, Main Campus | Kabarak, Main Campus | 17/12/2015 | HF5635 .S252 2000 c. 1 | 004951 | 17/12/2015 | 17/12/2015 | Africana Collection | ||||||||
| Library of Congress Classification | Kabarak, Nakuru City Campus | Kabarak, Nakuru City Campus | 21/10/2015 | HF5635 .S252 2000 c. 1 | 010170 | 21/10/2015 | 21/10/2015 | General Collection | ||||||||
| Library of Congress Classification | Kabarak, Nakuru City Campus | Kabarak, Nakuru City Campus | 21/10/2015 | HF5635 .S252 2000 c. 2 | 003177 | 21/10/2015 | 21/10/2015 | General Collection | ||||||||
| Library of Congress Classification | Kabarak, Nakuru City Campus | Kabarak, Nakuru City Campus | 21/10/2015 | HF5635 .S252 2000 c. 3 | 006023 | 21/10/2015 | 21/10/2015 | General Collection | ||||||||
| Library of Congress Classification | Kabarak, Nakuru City Campus | Kabarak, Nakuru City Campus | 21/10/2015 | HF5635 .S252 2000 c. 4 | 006025 | 21/10/2015 | 21/10/2015 | General Collection | ||||||||
| Library of Congress Classification | Kabarak, Nakuru City Campus | Kabarak, Nakuru City Campus | 21/10/2015 | HF5635 .S252 2000 c. 5 | 005843 | 21/10/2015 | 21/10/2015 | General Collection | ||||||||
| Library of Congress Classification | Kabarak, Nakuru City Campus | Kabarak, Nakuru City Campus | 21/10/2015 | HF5635 .S252 2000 c. 6 | 006027 | 21/10/2015 | 21/10/2015 | General Collection | ||||||||
| Lost and Paid For | Library of Congress Classification | Kabarak, Nakuru City Campus | Kabarak, Nakuru City Campus | 21/10/2015 | 1 | HF5635 .S252 2000 c. 8 | 015640 | 02/12/2019 | 21/10/2015 | General Collection | 1 | 22/01/2016 |